Banikanta Kakati : (Record no. 3190)

MARC details
000 -LEADER
fixed length control field 00578cam a2200205ua 4500
001 - CONTROL NUMBER
control field 3347
005 - DATE AND TIME OF LATEST TRANSACTION
control field 20260515113651.0
008 - FIXED-LENGTH DATA ELEMENTS--GENERAL INFORMATION
fixed length control field 111019n ii |||gr||||Z||||||eng
040 ## - CATALOGING SOURCE
Transcribing agency MAIN
082 ## - DEWEY DECIMAL CLASSIFICATION NUMBER
Classification number 920
100 1# - MAIN ENTRY--PERSONAL NAME
Personal name Taid, Tabu,
Relator term complied & edited.,
245 11 - TITLE STATEMENT
Title Banikanta Kakati :
Remainder of title the man and his works /
Statement of responsibility, etc. ed. by Tabu Taid
250 ## - EDITION STATEMENT
Edition statement 1st.
260 ## - PUBLICATION, DISTRIBUTION, ETC.
Place of publication, distribution, etc. Guahati:
Name of publisher, distributor, etc. Publication Board Assam,988.
300 ## - PHYSICAL DESCRIPTION
Extent 262p:
Dimensions 23cm.
653 ## - INDEX TERM--UNCONTROLLED
Uncontrolled term Biography
653 ## - INDEX TERM--UNCONTROLLED
Uncontrolled term Biography of Banikanta Kakati
700 ## - ADDED ENTRY--PERSONAL NAME
Personal name Goswami, Ranjit Dev.,
Relator term complied & edited.,
942 ## - ADDED ENTRY ELEMENTS (KOHA)
Koha item type Books
Holdings
Withdrawn status Lost status Damaged status Not for loan Home library Current library Shelving location Date acquired Total checkouts Full call number Barcode Date last seen Copy number Price effective from Koha item type
        Naharkatiya College Library Naharkatiya College Library General stacks 09/19/2020   920 | BAN 18843 09/19/2020 1 09/19/2020 Books